1407 1921 1237 1783 1513 1834 1862 1460 1057 1729 1051 1820 1710 1138 1262 1733 1577 1055 1062 1877 1609 1192 1163 1576 1774 1087 1449 1714 1166 1857 1666 1097 1242 1057 1992 1880 1644 1069 1724 1027 1950 1323 1021 1556 1889 1616 1001 1797 1866 1549 1788 1456 1500 1238 1170 1721 1380 1519 1080 1588 1488 1524 1917 1733 1174 1639 1711 1393 1621 1435 1898 1913 1200 1678 1506 1249 1470 1483 1093 1168 1498 1230 1903 1419 1255 1316 1010 1430 1660 1491 1374 1159 1513 1230 1859 1876 1206 1565 1730 BCNSPRNW ULIB Ver.6.0+V

เปลี่ยนเป็นภาษาไทย

Change to English
 แสดงรายละเอียดบรรณานุกรม
  กลับหน้าหลัก

Brief Record : Get Marc (ISO 2709) : E-mail record : QR code < ปิดหน้าต่าง
LEADER : 00000nam 2200000uu 4500
001    13399123506
003     ULIB
008    141001s2554||||th 000 0 tha d
020    ^a9789741115754
060  4 ^aW105.5.C8^bม513ก
100 0  ^aมาลี อรุณากูร
245 10 ^aการสื่อสารกับเด็กที่มีความบกพร่องทางการได้ยินในงานทันตกรรมสำหรับเด็ก /^cมาลี อรุณากูร
250    ^aพิมพ์ครั้งที่ 1
260    ^aกรุงเทพฯ :^bภาควิชาทันตกรรมสำหรับเด็ก คณะทันตแพทยศาสตร์ มหาวิทยาลัยมหิดล,^c2554
300    ^a150 หน้า :^bภาพประกอบ +^eคอมแพกต์ดิสก์ 1 แผ่น
650  7 ^aทันตกรรมเด็ก
650  7 ^aเด็กที่มีความบกพร่องทางการได้ยิน
650  7 ^aเด็กหูหนวก
650  7 ^aการสื่อสารทางทันตแพทย์
650  7 ^aการสื่อสารทางการแพทย์
945    ^p600^l0^i20901
945    ^p600^l0^i20902
945    ^p600^l0^i20903
945    ^p600^l0^i20904
945    ^p600^l0^i20905
999    ^aทศพร เกษรทอง
รายการนี้ยังไม่มีแท็ก
คุณยังไม่ได้ล็อกอิน คุณสามารถมีกิจกรรมร่วมกับเว็บไซต์ได้ แต่ต้องล็อกอินก่อน ::
  ล็อกอิน

รายการสื่อสารสนเทศ

ลำดับที่ ประเภท เลขเรียก/บาร์โค้ด สถานที่ สถานะ
1. วิทยาศาสตร์การแพทย์ และสุขภาพ
วิทยาศาสตร์การแพทย์ และสุขภาพ
สถานะ=หนังสือเก่า
W105.5.C8 ม513ก ฉ.1 
  Barcode: 20901
ห้องสมุดวิทยาเขตนครสวรรค์
►ส่วนจัดเก็บหนังสือเก่า นว.
บนชั้น
  ขอยืม
2. วิทยาศาสตร์การแพทย์ และสุขภาพ
วิทยาศาสตร์การแพทย์ และสุขภาพ
สถานะ=หนังสือเก่า
W105.5.C8 ม513ก ฉ.2 
  Barcode: 20902
ห้องสมุดวิทยาเขตนครสวรรค์
►ส่วนจัดเก็บหนังสือเก่า นว.
บนชั้น
  ขอยืม
3. วิทยาศาสตร์การแพทย์ และสุขภาพ
วิทยาศาสตร์การแพทย์ และสุขภาพ
สถานะ=หนังสือเก่า
W105.5.C8 ม513ก ฉ.3 
  Barcode: 20903
ห้องสมุดวิทยาเขตนครสวรรค์
►ส่วนจัดเก็บหนังสือเก่า นว.
บนชั้น
  ขอยืม
4. วิทยาศาสตร์การแพทย์ และสุขภาพ
วิทยาศาสตร์การแพทย์ และสุขภาพ
สถานะ=หนังสือเก่า
W105.5.C8 ม513ก ฉ.4 
  Barcode: 20904
ห้องสมุดวิทยาเขตนครสวรรค์
►ส่วนจัดเก็บหนังสือเก่า นว.
บนชั้น
  ขอยืม
5. วิทยาศาสตร์การแพทย์ และสุขภาพ
วิทยาศาสตร์การแพทย์ และสุขภาพ
สถานะ=หนังสือเก่า
W105.5.C8 ม513ก ฉ.5 
  Barcode: 20905
ห้องสมุดวิทยาเขตนครสวรรค์
►ส่วนจัดเก็บหนังสือเก่า นว.
บนชั้น
  ขอยืม

รายการใกล้เคียง
    ผู้แต่ง [มาลี อรุณากูร]

    หัวเรื่อง [ทันตกรรมเด็ก]
    หัวเรื่อง [เด็กที่มีความบกพร่องทางการได้ยิน]
    หัวเรื่อง [เด็กหูหนวก]
    หัวเรื่อง [การสื่อสารทางทันตแพทย์]
    หัวเรื่อง [การสื่อสารทางการแพทย์]

BibComment


ยังไม่เคยถูกคอมเมนท์

คอมเมนท์ทรัพยากรรายการนี้
  คอมเมนท์: การสื่อสารกับเด็..


 Copyright 2026. Bcnsprnw @Library